000 01552cam a22004694i 4500
003 PE-LiUPU
005 20250731173227.0
008 150625s r 000 0 d
020 _a0802823483
035 _a(Sirsi) i9780802823489
040 _aPE-LiUPU
_bspa
_cPE-LiUPU
_erda
049 _aPRUA
082 0 4 _a225.07
_bNICNT
_221
100 1 _aMounce, Robert H.,
_eautor.
245 1 4 _aThe Book of Revelation /
_cRobert H. Mounce.
264 1 _aMichigan :
_bEerdmans,
_c1977.
300 _a426 páginas ;
_c22 centímetros
336 _atext
_2rdacontent
337 _aunmediated
_2rdamedia
338 _avolume
_2rdacarrier
490 0 _aThe New International Commentary on the New Testament
504 _aNotas bibliográficas al pie de páginas.
505 0 _aIntroduction. -Text, exposition, and notes. -Indexes.
526 _aSEG42
526 _aSEG41
526 _aSEG40
526 _aSEG39
526 _aP94
526 _aP87
526 _aP86
526 _aP85
526 _aP77
526 _aP76
526 _aP35
630 _aBiblia.
_pN.T.
_pApocalipsis
_xComentarios.
942 _2ddc
_cBOOK
949 _a225.07 NICNT 27
_wDEWEY
_c1
_i37784
_lCCODEBUL1
_mBUL
_r0
_sY
_tBOOK
_u2015-6-25
_xTEOLOGIA
_zUNKNOWN
_0COMPRA
_o.STAFF. Colección General
994 _aC0
_bPEPRU
596 _a1
999 _a225.07 NICNT 27
_wDEWEY
_c42047
_i37784
_d42047
_f2021-11-9
_g5
_lCCODEBUL1
_mBUL
_q3
_r0
_sY
_tBOOK
_u2015-6-25
_xTEOLOGIA
_zUNKNOWN
_0COMPRA
_o.STAFF. Colección General
980 _81
_gALBERTO SANCHEZ Responsable de Automatización